[Event "FRA-chT U20 0304"]
[Site "France"]
[Date "2004.05.02"]
[Round "11"]
[White "Bui Quang, Paul"]
[Black "Buffe, Remi"]
[Result "0-1"]
[WhiteElo "1960"]
[BlackElo "1920"]
[PlyCount "136"]
[EventDate "2003.11.??"]
[EventType "team"]
[EventRounds "11"]
[EventCountry "FRA"]
[SourceTitle "EXT 2005"]
[Source "ChessBase"]
[SourceDate "2004.11.15"]
[SourceVersion "1"]
[SourceVersionDate "2004.11.15"]
[SourceQuality "1"]
[WhiteTeam "Niort"]
[BlackTeam "Grasse"]
[WhiteTeamCountry "FRA"]
[BlackTeamCountry "FRA"]

1. d4 d5 2. e3 Nf6 3. Bd3 e6 4. f4 c5 5. c3 Nc6 6. Nf3 Bd6 7. 0-0 0-0 8. b3 cxd4 9. exd4 Ne7 10. Ne5 Ng6 11. Qe1 Nh5 12. g4 Nhxf4 13. Bxf4 Nxf4 14. Rxf4 Qg5 15. Rf2 f6 16. h4 Qxh4 17. Nf3 Qxg4+ 18. Kf1 Bg3 19. Nbd2 Bxf2 20. Kxf2 Bd7 21. Qh1 h6 22. Rg1 Qf4 23. Qg2 g5 24. Qh3 Kg7 25. Ke2 Rh8 26. Nf1 h5 27. Ne3 Rad8 28. Rf1 Qd6 29. Qg2 Qe7 30. Nh4 Rh6 31. Kd2 Re8 32. Re1 Qd8 33. Kc2 Rg8 34. Qg3 Qb8 35. Qg2 Kh8 36. Nf3 Qf4 37. Nd2 h4 38. Ng4 h3 39. Qe2 Rh4 40. Nh2 g4 41. Rf1 Qg5 42. Rg1 Qf4 43. Qf1 Qxf1 44. Ndxf1 f5 45. Kd2 f4 46. Ke2 g3 47. Nf3 h2 48. Rh1 g2 49. Rxh2 Rxh2 50. N1xh2 g1Q 51. Nxg1 Rxg1 52. Kf2 Rg3 53. Nf3 Be8 54. c4 Bh5 55. Be2 Kg7 56. cxd5 exd5 57. Nh4 Bxe2 58. Nf5+ Kf6 59. Nxg3 fxg3+ 60. Kxe2 Kf5 61. Kf3 g2 62. Kxg2 Ke4 63. Kf2 Kxd4 64. Ke2 Kc3 65. Kd1 d4 66. Kc1 d3 67. Kd1 d2 68. b4 b5 0-1